[Event "Bilbao Masters 9th"]
[Site "Bilbao"]
[Date "2016.07.21"]
[Round "8"]
[White "So, Wesley"]
[Black "Giri, Anish"]
[Result "1-0"]
[WhiteElo "2770"]
[BlackElo "2785"]
[Annotator "Mokal,P"]
[PlyCount "113"]
[EventDate "2016.07.13"]
[EventType "tourn"]
[EventRounds "10"]
[EventCountry "ESP"]
[EventCategory "22"]
[SourceTitle "CBM 174"]
[Source "ChessBase"]
[SourceDate "2016.09.13"]
[SourceVersion "1"]
[SourceVersionDate "2016.09.13"]
[SourceQuality "1"]

1. e4 e5 2. Nf3 Nc6 3. Bc4 Bc5 4. O-O Nf6 5. d3 O-O 6. Re1 {It is interesting
that the players repeat the opening which they played with the reversed
colours in round 3 of the same tournament. Re1 is a comparitively rare move,
tried by Caruana and Anand in blitz games previously but now it is being used
by the young guns in longer versions of the game. The most common move here is
6.c3 while 6.Bg5, 6.Nc3, 6.Nbd2 etc. are also quite popular.} Ng4 ({Black's
main response here has been} 6... d6 {Now after} 7. c3 a6 (7... Bb6 {was
played in the blitz game between Anand and Giri in June 2016. It went} 8. Bb3
Ne7 9. Nbd2 c6 10. Nf1 Ng6 11. Ng3 h6 {and here Anand sharpened the play with
a pawn sacrifice with} 12. d4 $5 Bg4 13. h3 Bxf3 14. Qxf3 exd4 15. Nf5 dxc3 16.
bxc3 $13 {1/2-1/2 Anand,V (2770)-Giri,A (2782)/Leuven 2016 (27)}) 8. a4 Ba7 {
So Wesley vs Mamedyarov at Wijk Aan Zee 2016 saw} 9. Na3 ({while another blitz
game, Caruana vs So Wesley went} 9. h3 Ne7 10. Nbd2 Ng6 11. Nf1 c6 12. Bb3 d5
13. exd5 Nxd5 14. d4 exd4 15. Nxd4 Be6 $13 {1/2-1/2 Caruana,F (2795)-So,W 
(2773)/Saint Louis USA 2016 (42)} (15... Ndf4 $5) (15... Ngf4 $5)) 9... h6 10.
Nc2 Re8 11. Be3 Be6 12. Bxe6 Rxe6 13. Bxa7 Rxa7 14. d4 exd4 15. Nfxd4 Nxd4 16.
Qxd4 Ra8 17. f3 {1/2-1/2 So,W (2773)-Mamedyarov,S (2747)/Wijk aan Zee 2016/CBM
171 (38), with a very slight pull for White due to space.}) ({The
aforementioned round 3 game between the two players went} 6... a6 7. a4 Ng4 8.
Rf1 h6 9. c3 d6 10. Nbd2 Ba7 11. h3 Nf6 12. Re1 $5 Nh5 13. Nf1 Qf6 $132 {
1/2-1/2 Giri,A (2785)-So,W (2770)/Bilbao ESP 2016 (56)}) 7. Re2 (7. Be3 {
is hardly a challenge} Nxe3 8. fxe3 Be7 (8... d6 $5) 9. Nc3 d6 10. a3 Be6 11.
Bd5 Qd7 $11 {1-0 Dgebuadze,A (2562)-Campelo Bermudez,J (1870)/Ortigueira 2008 
(46)}) 7... Kh8 ({A different plan was tried in a couple of games..} 7... Nd4
$5 8. Nxd4 Bxd4 9. h3 Nf6 10. Nd2 (10. c3 Bb6 11. Bg5 h6 12. Bh4 g5 13. Bg3 d6
14. Re1 h5 15. d4 $5 h4 16. Bh2 Qe7 17. Nd2 g4 $13 {1-0 Saric,I (2500)-Sakaev,
K (2649)/Plovdiv 2008 (38)}) 10... d6 11. Nf3 Bb6 12. Be3 Be6 13. Bb3 $11 {
0-1 Brkic,A (2606)-Filippov,A (2606)/Sibenik 2011 (51)}) 8. h3 f5 $1 9. Nc3
$146 {Played quickly.} (9. hxg4 $2 fxg4 10. Ng5 (10. Ne1 Qf6 $19) 10... Qf6 (
10... g3 $5 $40) 11. Qf1 (11. c3 Bxf2+ $19) (11. Nf7+ Rxf7 12. Bxf7 g3 $17 {
[%cal Gf6h4]}) 11... Nd4 12. Be3 (12. Rd2 $2 Qxg5 $19) (12. Nf7+ Rxf7 13. Bxf7
Nxe2+ 14. Qxe2 Qxf7 $17 {[%csl Rf2]}) 12... Nxe2+ 13. Qxe2 Bxe3 14. Qxe3 h6 15.
Nf7+ Rxf7 16. Bxf7 Qxf7 $17) (9. c3 fxe4 (9... Nxf2 10. Rxf2) 10. dxe4 Rxf3 $5
11. hxg4 (11. gxf3 $142) 11... Rg3 $1 12. g5 d6 13. b4 Bb6 14. Rc2 Rg4 15. Bd3
Be6 $17 {0-1 Jandourek,L (2192)-Londyn,R (2380)/Czech Republic 2015 (37)}) (9.
exf5 Nxf2 10. Rxf2 d5 11. Bg5 (11. Bb3 Rxf5 $132) 11... Qd6 $15 {1-0 Tapia
Fuentes,J (2183)-Abarca Gonzalez,N (2267)/Santiago CHI 2014 (64)} (11... Bxf2+
12. Kxf2 Qd7 $17)) 9... Nf6 (9... d6 10. exf5 Bxf5 11. hxg4 Bxg4 $13) 10. Be3 (
{Principled is} 10. Bg5 $5 {although Black seems to be doing fine...} fxe4 (
10... h6 11. Bxf6 Qxf6 12. Nd5 $14) (10... d6 11. Nd5 $14) 11. Nxe4 (11. dxe4
h6 12. Be3 Bxe3 13. Rxe3 (13. fxe3 {could be similar to the game}) 13... d6 14.
a3 Nh5 $13) (11. Rxe4 $5) 11... Be7 12. Nc3 (12. Ng3) 12... d6 $13) (10. Ng5
Nd4 $132) 10... Bxe3 11. fxe3 (11. Rxe3 d6 {seems like giving Black good
prospects on the >>} ({or} 11... f4 $5 12. Re1 d6)) 11... fxe4 12. dxe4 (12.
Nxe4 d5 13. Nxf6 dxc4 $15 14. Ne4 cxd3 15. cxd3 Bxh3) 12... d6 {[%csl Ge3,Ge4]
The doubled pawns have their plusses and minuses. They control important
squares but they can also become targets. The advantage for Black though,
seems to be a possiblility of taking initiative on the >> quickly.} 13. a3 {
[%cal Gc4a2]} (13. Qd3 Na5 $36) 13... Qe8 14. Qd3 Nd8 $5 {Giri aims for a B
exchange with ...Be6 which allows White to consolidate.} ({A sharper and
ambitious approach would be} 14... Qg6 $142 $5 {[%cal Gc8h3]} 15. Kh1 Nh5 ({or
} 15... Nd8 {/\Ne6-g5}) ({or} 15... Qh6 {[%cal Gg7g5]})) 15. Rf2 Be6 16. Raf1
a6 (16... Bxc4 17. Qxc4 Ne6 $11 (17... c6 $11)) 17. Nd2 {[%csl Ge4][%cal Gd2e4,
Gc3d5]} ({Worth considering was the use of f5-d5 squares with} 17. Nh4 $5 {
but then Black could target the e4-pawn, for example} b5 (17... Qd7 18. Nd5)
18. Bxe6 Nxe6 19. Nf5 $5 (19. Nd5 Nc5 20. Qe2 Ncxe4 $11 {[%csl Rc7,Rf2]}) 19...
Nc5 20. Qe2 Rd8 $11 (20... Ncxe4 $2 21. Nxe4 Nxe4 22. Nxd6 $1 $18)) 17... b5
18. Bxe6 Nxe6 19. Nd5 Nd7 20. Rxf8+ Ndxf8 21. c4 c6 {Black chooses to play
with a P-weakness on d6 rather than bear the strong N on d5. The position
remains objectively equal, though White keeps better practical chances of
creating the play.} 22. Nc3 Qe7 23. b4 Nd7 24. Nb3 Nf6 (24... Nb6 25. Na5 Qc7 (
25... Qd7 26. Rd1 Rd8 27. a4 $1 bxa4 $6 28. c5 $36) 26. Rc1 $14) 25. Na5 Qc7 (
25... Qd7 $5) 26. Rc1 Qd7 ({A nice idea was} 26... Nc5 $5 {[%cal Gc7a5]} 27.
Qc2 (27. bxc5 Qxa5 28. Qxd6 (28. cxd6 Qxa3 {[%csl Rc1]}) 28... Qxa3 29. Rf1 $8
Qxc3 30. Rxf6 $11) 27... Nb7 (27... Qb6 28. bxc5 Qxa5 29. cxd6 Rd8 $11) 28.
Nxb7 Qxb7 $11 {with solid defense.}) 27. cxb5 axb5 28. a4 bxa4 $6 ({Black
should have kept a solid position with} 28... Rc8 $142 29. axb5 (29. Rd1 {
[%csl Rb5,Rd6]} Ng5 $11 30. Qxd6 Qxd6 31. Rxd6 Ngxe4 32. Nxe4 Nxe4) 29... cxb5
30. Rf1 Ng5 $11) ({Also interesting was the imaginary and counterattacking} 
28... Ng5 $5 {[%csl Re4,Rh3] gaining a very important tempo} 29. Kh2 (29. axb5
Nxh3+ 30. gxh3 Qxh3 $11 31. Rc2 (31. Kf2 d5) 31... Qg3+ 32. Rg2 (32. Kh1 $2
Qh4+ 33. Kg1 Ng4 $19) 32... Qe1+ 33. Kh2 Qh4+ $11) (29. h4 $6 Nh3+ $1 30. gxh3
Qxh3 $40 {[%cal Gf6g4,Gh3g3]}) 29... bxa4 30. Nxa4 Rf8 $11 {[%csl Gg5][%cal
Ge6g5,Rg1h2] Compared to the game, Black has already inserted his desired move,
giving him a decent position.}) 29. Nxa4 Rf8 (29... Qa7 $5 30. Kh2 $14 (30.
Nxc6 $2 Qxa4) (30. Rxc6 Nf4)) 30. Nb6 Qf7 31. Nxc6 $2 ({White had to go for
the d6-pawn with} 31. Nbc4 $1 {although further accuracy would be demanded,
for example after} Ng5 (31... Ng4 32. Rf1 $18) (31... Ne8 32. Nxd6 (32. Nd2 $16
) 32... Nxd6 (32... Qf2+ 33. Kh1 $16) 33. Qxd6 Ng5 34. Qd2 Nxe4 35. Qc2 $16 {
[%csl Rc6]}) 32. Nxd6 Qg6 33. Kh2 (33. Kh1 $6 Qh6 $1 $132) 33... Nfxe4 34. Nxe4
Nxe4 (34... Qxe4 35. Qxe4 Nxe4 36. Rxc6 $18) {The key move would be the
prophylactic} 35. Kg1 $1 $16 {[%csl Re4] stopping Black from playing ...Qg3.} (
35. Rxc6 $2 Qg3+ 36. Kg1 Qe1+ 37. Kh2 Nd2 $19) ({While} 35. Nxc6 $6 Qg3+ 36.
Kg1 Ng5 $132)) (31. Qxd6 $2 Nxe4 $19) 31... Ng5 32. Rf1 Qc7 $1 ({We see the
prophylactic move again after} 32... Qg6 33. Kh2 Ngxe4 34. Kg1 $1 $14 Qg3 $2
35. Qxe4 {[%cal Gf1f8]}) 33. Qb5 Ngxe4 $2 (33... Qb7 $142 $1 {[%csl Rb6,Rc6]
[%cal Gb7b5] pinning the b6-knight} 34. Kh2 (34. Ra1 Nd7 35. Ra6 Ne6 {[%cal
Ge6c7]} 36. Na5 Qxe4 37. Nxd7 Qxe3+ 38. Kh2 Qf4+ $11) 34... Ngxe4 35. Na5 Qf7
$11) 34. Nd5 $1 $14 {[%csl Gb4,Rd6]} Qd7 (34... Qf7 $142 35. Nce7 $1 (35. Nxf6
gxf6 {[%csl Rd5]}) 35... Qe8 (35... Nc3 $5 36. Qd3 Ncxd5 37. Nxd5 Qe6 38. b5
Rb8 39. Nxf6 gxf6 40. Rc1 $36) 36. Qa6 $14) 35. Nxf6 gxf6 $5 {[%cal Gf8g8,
Gg8g1] Looking for kingside counterplay, which is probably Black's best
practical chance. But...} ({Objectively better was} 35... Nxf6 {but after} 36.
Qa6 $16 {[%cal Gb4b8] White is clearly better.}) (35... Rxf6 $4 36. Qb8+ $18)
36. Qd5 $1 {[%csl Re4] White gives no time.} Nc3 (36... f5 37. Nxe5 $18) 37.
Qc4 Na4 38. b5 Nb6 39. Qd3 Rg8 (39... d5 40. Nxe5 $18 {[%cal Gf1f8]}) (39... f5
40. g4 $18) 40. e4 $1 {[%csl Rd6,Ge4,Rf6]} Qe6 41. Rd1 Nd7 42. Kh2 (42. Qxd6
Qxh3) 42... Nc5 43. Qxd6 Qxd6 44. Rxd6 Nxe4 45. Re6 Nc5 (45... Kg7 46. b6 Nc5
47. Re7+ $18) 46. Rxf6 e4 47. Rf5 Nb7 (47... Nd3 $5 48. Rf7 (48. b6 e3 49. Nd4
Rb8 (49... Re8 50. b7) 50. Rb5 Nf2 (50... Nf4 51. Kg3 e2 52. Kf2 $18) 51. Nf5
$1 e2 52. Re5 {[%csl Rh8]} h5 53. Rxe2 $18 {[%csl Rf2]}) 48... Re8 49. b6 e3
50. Re7 Rxe7 51. Nxe7 e2 52. b7 e1=Q 53. b8=Q+ Kg7 54. Qg8+ Kf6 55. Qf8+ Ke5
56. Qf5+ Kd4 57. Nc6+ Ke3 58. Qxh7 $18) 48. Re5 Nd6 49. Nd4 Rb8 50. g4 Kg8 51.
Kg3 Kf7 52. Nf5 Kf6 (52... Nxb5 53. Rxb5 Rxb5 54. Nd6+ $18) (52... Nxf5+ 53.
Rxf5+ Ke6 54. Kf4 $18) 53. Kf4 Nxb5 (53... Rxb5 54. g5+ $18) 54. g5+ Kg6 (54...
Kf7 55. Rxb5 Rxb5 56. Nd6+ $18) 55. Re7 Rh8 (55... Rg8 56. Nh4+ Kh5 57. Rxh7#)
56. Kg4 $1 h5+ 57. Kf4 (57. Kf4 h4 (57... Rg8 58. Nh4#) 58. Kg4 $18 {[%cal
Ge7g7]} Rh7 59. Re6+ Kf7 60. g6+ $18) 1-0

[Event "Sinquefield Cup 4th"]
[Site "Saint Louis"]
[Date "2016.08.06"]
[Round "2"]
[White "Ding, Liren"]
[Black "So, Wesley"]
[Result "1/2-1/2"]
[WhiteElo "2755"]
[BlackElo "2771"]
[Annotator "Besenthal,K"]
[PlyCount "70"]
[EventDate "2016.08.05"]
[EventType "tourn"]
[EventRounds "9"]
[EventCountry "USA"]
[EventCategory "22"]
[SourceTitle "CBM 174"]
[Source "ChessBase"]
[SourceDate "2016.09.13"]
[SourceVersion "1"]
[SourceVersionDate "2016.09.13"]
[SourceQuality "1"]

1. d4 Nf6 2. c4 e6 3. Nf3 d5 4. Nc3 Nbd7 5. Bg5 h6 6. Bh4 Be7 7. e3 O-O 8. Be2
(8. Rc1 {ist hier der übliche Zug.}) 8... dxc4 9. Bxc4 c5 10. O-O cxd4 11.
Nxd4 Nb6 12. Bb3 {Die symmetrische Struktur ließe eine hohe Remistendenz
erwarten, doch Schwarz ist mit der Entwicklung ein wenig in Rückstand geraten.
} Nbd5 13. Nxd5 Nxd5 14. Bg3 Bf6 15. Rc1 Nb6 16. Qe2 (16. Qf3) ({oder} 16. Qh5
{waren kraftvoller.}) 16... Bd7 17. Nb5 (17. Bd6 $1) 17... a6 $6 (17... Bxb5 $1
18. Qxb5 Rc8 $11) 18. Nd6 Bc6 {Diagramm [#]} 19. Nxb7 $6 {Danach ist der
weiße Vorteil weg.} (19. Rfd1) 19... Bxb7 20. Bc7 Qe7 21. Bxb6 Bxg2 22. Kxg2
Qb7+ 23. Qf3 Qxb6 24. Rc6 Qb7 25. Rc2 Qxf3+ (25... Qb4 {hätte Weiß
naturgemäß etwas mehr Probleme gemacht.}) 26. Kxf3 {Jetzt kommt es
tatsächlich zu dem - erwarteten - Remisschluss.} Rfc8 27. Rfc1 Rxc2 28. Rxc2
Rb8 29. Rc6 a5 30. Rc5 Ra8 31. Rb5 Ra7 32. Bc2 Kf8 33. a4 Ke7 34. b4 Bc3 35.
bxa5 Rxa5 1/2-1/2

[Event "Olympiad-42"]
[Site "Baku"]
[Date "2016.09.04"]
[Round "3.3"]
[White "So, Wesley"]
[Black "Perez Ponsa, Federico"]
[Result "1-0"]
[WhiteElo "2782"]
[BlackElo "2585"]
[Annotator "Szabo,Kr"]
[PlyCount "87"]
[EventDate "2016.09.02"]
[EventType "team-swiss"]
[EventRounds "11"]
[EventCountry "AZE"]
[SourceTitle "CBM 175"]
[Source "ChessBase"]
[SourceDate "2016.11.10"]
[SourceVersion "1"]
[SourceVersionDate "2016.11.10"]
[SourceQuality "1"]
[WhiteTeam "US of America"]
[BlackTeam "Argentina"]
[WhiteTeamCountry "USA"]
[BlackTeamCountry "ARG"]

1. Nf3 Nf6 2. c4 g6 3. Nc3 Bg7 4. e4 d6 5. d4 O-O 6. Be2 e5 7. O-O Nc6 8. d5
Ne7 9. Ne1 Nd7 10. Be3 f5 11. f3 f4 12. Bf2 g5 13. Rc1 Rf7 {A rare move, which
is preparing for ...Bf8, Rg7. On the other hand the R will be pinned on the
a2-g8 diagonal.} (13... Rf6) ({and} 13... Ng6 {are the main continuations.})
14. c5 $1 {This is the point of White's play! He doesn't want to lose any time,
he sacrifices the c-P for quick queenside play.} ({Nevertheless} 14. Nd3 {
is similar and common.}) 14... Nxc5 15. Bxc5 dxc5 16. Bc4 $1 {This is the
disadvantage of ...Rf7. Black can't avoid d6.} Kf8 $6 {Black wants to avoid
the pin, but this is an inaccuracy.} (16... Qd6 $2 {is bad, as} 17. Nb5 $18 {
followed by d6.}) (16... a6 $1 {was correct to control the b5 square,} 17. d6
cxd6 18. Qb3 (18. Bxf7+ Kxf7 {and now White can't play Nb5!}) 18... Qf8 19. Rd1
Nc6 $132 {with a double-edged fight.}) 17. d6 cxd6 18. Bxf7 Kxf7 19. Nb5 d5 $2
$146 {The first new move, but this is a mistake.} ({The strange} 19... Ke6 $5 {
was the best move, because only the K could protect the d6-P.} 20. Qb3+ (20.
Rxc5 $5) 20... Kf6 21. Rd1 Be6 22. Qc3 Nc8 $132 {Kozul-Wahls, Novi Sad 1990,
and Black is safe.}) 20. Rxc5 Be6 ({In the event of} 20... Qb6 {White simply
plays} 21. Nd3 $16 {.}) 21. Nc7 dxe4 22. Qc2 $1 {A very strong move, White
doesn't exchange Qs, he continues with the pressure on Black's position.} Qd4+
(22... exf3 $2 {loses immediately because of} 23. Nxf3 $18) ({and} 22... e3 23.
Nxe6 Kxe6 24. Nd3 $18 {is also hopeless for Black.}) 23. Kh1 Rd8 24. fxe4 (24.
Nxe6 $1 {was the most accurate move,} Kxe6 25. fxe4 $16 {and White is much
better.}) 24... g4 ({The engine suggests} 24... Bxa2 $5 25. Nf3 Qd3 {and White
is also better here, but it still gives more practical chance than the text
move.}) 25. Nxe6 Kxe6 26. Rc7 b5 27. Qb3+ Kd6 $6 {Loses quickly, but Black's
position was already bad.} (27... Kf6 {could have been met by the smart} 28.
Qg3 $1 $18 {and White should be winning.}) 28. Nc2 Qa4 29. Qc3 ({The simple} 
29. Qxa4 {was also fine,} bxa4 30. Rxa7 $18 {and White wins.}) 29... Ke6 30.
Re1 Qa6 31. Nb4 Qd6 32. Nd5 $1 {The strongest continuation, White removes the
defender, the e7-N, and crushes Black's position.} Rd7 (32... Nxd5 33. exd5+
$18 {is winning obviously.}) 33. Nxf4+ $1 {Another strong tactical blow!} exf4
34. Qb3+ Ke5 (34... Kf6 35. e5+ $18) 35. Qxb5+ Ke6 36. Qb3+ Ke5 37. Qc3+ Ke6
38. Rxd7 Bxc3 39. Rxd6+ Kxd6 40. bxc3 Ke5 41. Rb1 Nc6 42. Rb7 f3 43. gxf3 gxf3
44. Rc7 {A nice victory by So!} 1-0

[Event "Olympiad-42"]
[Site "Baku"]
[Date "2016.09.12"]
[Round "10.3"]
[White "Pantsulaia, Levan"]
[Black "So, Wesley"]
[Result "0-1"]
[WhiteElo "2601"]
[BlackElo "2782"]
[Annotator "Roiz,M"]
[PlyCount "74"]
[EventDate "2016.09.02"]
[EventType "team-swiss"]
[EventRounds "11"]
[EventCountry "AZE"]
[SourceTitle "CBM 175"]
[Source "ChessBase"]
[SourceDate "2016.11.10"]
[SourceVersion "1"]
[SourceVersionDate "2016.11.10"]
[SourceQuality "1"]
[WhiteTeam "Georgia"]
[BlackTeam "US of America"]
[WhiteTeamCountry "GEO"]
[BlackTeamCountry "USA"]

1. Nf3 d5 2. g3 {GM Levan Pantsulaia has rich experience in the Reti Opening.
During his career he managed to outplay many strong players from this position.
} g6 3. c4 dxc4 4. Na3 (4. Qa4+ {is another common way of regaining the pawn.})
4... Bg7 5. Nxc4 Nc6 6. d3 e5 7. Bd2 ({Perhaps, Levan wasn't happy with his
previous experience with this line:} 7. Bg2 e4 8. dxe4 Qxd1+ 9. Kxd1 Nf6 10.
Nfd2 Be6 {Pantsulaia,L (2615)-Sargissian,G (2668) Jerusalem ISR 2015, and
Black had excellent compensaton for a pawn}) 7... Be6 8. Rc1 Nge7 9. Bg2 ({
It was possible to acquire the pair of bishops by means of} 9. Ng5 Bd5 10. e4 {
, but after} Bxc4 11. Rxc4 Nd4 12. Nf3 Nxf3+ 13. Qxf3 Nc6 {Black wouldn't face
any problems due to his control over the d4-spot.}) 9... a5 10. O-O O-O {
The resulting position is quite complex and offers interesting play for both
players} 11. b3 (11. Bc3 f6 12. b3 Qd7 13. Re1 Rfd8 14. Qc2 Nd5 15. Bd2 g5 $15
{Petrosian,T (2651)-Pashikian,A (2617) Yerevan 2014}) 11... h6 $146 (11... f6
$5 {deserved serious consideration:} 12. Qc2 Qd7 13. Rfd1 Rfd8 {and Black's
position seems preferable due to a space advantage.}) ({The previously played} 
11... Qd7 12. Ng5 Bd5 13. Bh3 f5 14. Ne3 $13 {Becker,M (2381)-Schmidt,S (2201)
Germany 2005, allowed White to liquidate the important bishop.}) 12. Bc3 f6 {
Protecting the central pawn is a necessary measure, but the situation is not
as good as before.} 13. Qd2 {Connecting the rooks and getting ready for
pushing d3-d4.} ({Another interesting possibility was:} 13. e4 $5 Bg4 (13...
Nb4 14. Nxa5 Nxa2 15. Nxb7 Qc8 16. Nc5 Nxc1 17. Qxc1 $44) 14. h3 Bxf3 15. Qxf3
h5 16. Qe2 Bh6 17. Rcd1 Nd4 18. Qb2 Nec6 19. f4 $132 {with double-edged play.})
13... a4 14. Bb2 $2 {This move is connected with a blunder.} ({Instead,} 14. e4
$1 axb3 15. axb3 Qd7 (15... b5 $6 16. Na5 Qb8 17. d4 b4 18. Nxc6 Nxc6 19. Bb2
Na5 20. d5 Bf7 21. Qe3 $14) 16. d4 exd4 17. Nxd4 Nxd4 18. Qxd4 Qxd4 19. Bxd4
Rfd8 20. Bc3 $11 {would maintain the balance.}) 14... axb3 15. axb3 b5 $1 {
Wesley is making the a5-spot vacant for the knight.} 16. Ne3 (16. Na3 Na5 17.
Qc2 Nxb3 18. Rcd1 Na5 19. Nxb5 c6 20. Na3 Bb3 $17) 16... Na5 17. Qb4 $2 {
A decisive mistake.} ({The lesser evil would be} 17. Rb1 Nxb3 18. Qd1 c6 $17 {
- Black is a pawn up, but the game continues.}) 17... Nxb3 18. Ng5 {A
desperate attempt to complicate matters.} ({But} 18. Rc3 {would hardly be any
better:} c5 19. Qxb5 Nd4 20. Nxd4 exd4 21. Rb3 (21. Rxc5 Rb8 $19) 21... dxe3
22. Bxa8 Qxa8 23. Ra3 exf2+ 24. Rxf2 Qc8 25. e4 c4 $19 {Despite liquidating
all the opponent's q-side pawns White's position is absolutely lost - the king
is too weak.}) 18... hxg5 19. Bxa8 c5 $1 {I guess, this strong reply was
underestimated by Levan. Now White cannot avoid a major loss of material.} ({
Of course, not} 19... Nxc1 $2 20. Rxc1 Qxa8 21. Qxe7 Re8 22. Qxc7 $11) 20. Rxc5
Qxa8 21. Rxb5 ({Black's technical task doesn't seem tough after} 21. Rc7 Nd5
22. Nxd5 Qxd5 23. Qe7 Bf7 24. Rd7 Qc6 25. Rc7 Qe6 $19) 21... Nc6 22. Qd6 Nbd4 (
{A simpler way was} 22... Re8 $1 23. Qa3 Qxa3 24. Bxa3 Ncd4 $19) 23. Bxd4 ({
The most stubborn try was} 23. Ra1 Qc8 24. Bxd4 Nxd4 25. Rb2 {, but the
vulnerablity of the Kg1 should tell. For instance,} Rd8 26. Qa6 Qc3 27. Qa3
Qxa3 28. Rxa3 f5 $19 {[%cal Gf5f4,Gf4f3]}) 23... Nxd4 24. Rb2 Rd8 25. Qb6 f5 {
The final storm is coming.} 26. Rfb1 f4 27. Nc4 e4 {The rest is just torture.}
28. e3 fxe3 29. fxe3 exd3 30. exd4 Bxc4 31. Qxg6 Qd5 32. Rf2 Qxd4 33. Rbb2 Qe5
34. Rbd2 Rd6 35. Qf5 Qe1+ 36. Rf1 Qxd2 37. Qc8+ Kh7 0-1